Creating the corporate future : plan or be planned for

Αποθηκεύτηκε σε:
Λεπτομέρειες βιβλιογραφικής εγγραφής
Κύριος συγγραφέας: Ackoff, Russell Lincoln, 1919-2009
Μορφή: Βιβλίο
Γλώσσα:English
Δημοσίευση: New York : Wiley, c1981.
Θέματα:
Ετικέτες: Προσθήκη ετικέτας
Δεν υπάρχουν, Καταχωρήστε ετικέτα πρώτοι!

MARC

LEADER 00000cam a2200000 i 4500
001 1/34614
008 941103s1981 nyu| ||| |||| ||eng||
020 |a 0471090093 
035 |a 1991  |c Τσιβάκου  |l 10039702 
035 |a 1987 
040 |a GR-MyUa  |b gre  |e AACR2 
041 0 |a eng 
082 7 |a 658.4012   |2 (19) 
100 1 |a Ackoff, Russell Lincoln,   |d 1919-2009. 
245 1 0 |a Creating the corporate future :   |b plan or be planned for /   |c Russell L. Ackoff.  
260 |a New York :   |b Wiley,   |c c1981.  
300 |a xi, 297 σ. :   |b εικ. ;   |c 24 εκ. 
504 |a Περιλαμβάνει βιβλιογραφικές παραπομπές (σ. 287-290) και ευρετήριο.  
650 0 |a Business planning. 
852 |a INST  |b SAMOS  |e 19941103  |h 658.4012 ACK  |p 005300000747  |q 005300000747  |t BK  |y 0 
852 |a INST  |b SAMOS  |e 19941103  |h 658.4012 ACK  |p 005300003494  |q 005300003494  |t BK  |y 0 
852 |a INST  |b SYROS  |e 20001130  |h 658.4012 ACK  |p 005500007613  |q 005500007613  |t BK  |y 0 
901 |a BIBL5-2000-3 
922 |a 5ΕΛΗ  |b 200011  |c Γραφικών Τεχνών  |d Leader Books 
970 |a Κοντού  |b Παρασκευή  |z 30/11/2000